| 000 | 00536nam a22001817a 4500 | ||
|---|---|---|---|
| 005 | 20251108164140.0 | ||
| 008 | 250721s1978 xx 000 0 ara d | ||
| 082 | 1 | 4 | _a211/فرج |
| 100 | 1 | _aالوليد، فرج توفيق | |
| 245 | 1 | 0 | _aعلوم القرآن (المنتقى) / |
| 264 | 1 |
_aبغداد : _bدار الحرية، _c1978. |
|
| 300 | _a259ص. | ||
| 650 | 1 | 7 | _aالقرآن الكريم |
| 650 | 1 | 7 | _aالعلوم القرآنية |
| 700 | 1 | _aالنعيمي، فاضل شاكر | |
| 942 |
_2ddc _cBK |
||
| 999 |
_c4878 _d4878 |
||